000 00458nam a2200181Ia 4500
001 8180
005 20260306160550.0
008 260306t2005||||xx |||||||||||||| ||spa||
041 _aESP
082 _a370.117
_bJ54
100 _aJiménez Fernández, Carmen [coord.]
_eAUT
245 0 _aPedagogía diferencial:
_bdiversidad y equidad
260 _c2005
300 _a448 páginas :
_c24 cm.
650 _aGEN
654 _aCED
942 _cLIB
_dJUS
_fJUS
_2ddc
_n
999 _c8180
_d8180